| 000 | 00833nam a2200157Ia 4500 | ||
|---|---|---|---|
| 008 | 151213s9999 xx 000 0 und d | ||
| 100 | _aঅর্থবিভাগ | ||
| 245 |
_aবাংলাদেশের অর্র্থনৈতিক সমিক্ষা। - ২০০৫ অর্থনৈতিক উপদেষ্টা _bঅনুবিভাগ _cঅর্থমন্ত্রণালয় |
||
| 250 | _aগণপ্রজাতন্ত্রের বাংলাদেশ সরকার। অর্থনৈতিক উপদেষ্টা | ||
| 260 |
_aঅনুবিভাগ _bঅর্থবিভাগ _cঅর্থমন্ত্রণালয় |
||
| 300 | _a2343 p. | ||
| 650 | _aEconomics | ||
| 650 | _aEconomics | ||
| 700 | _aঅর্থমন্ত্রণালয় | ||
| 999 |
_c1654 _d1654 |
||